Statistics for 100 Biggest BRICS Cities

Click here to take the quiz!

General Stats

  • This quiz has been taken 38 times
  • The average score is 48 of 100

Answer Stats

PopulationCity% Correct
17,400,000Moscow
97%
20,500,000Beijing
94%
32,400,000Delhi
94%
65,100,000Guangzhou
94%
7,400,000Hong Kong
94%
26,100,000Mumbai
94%
13,300,000Rio de Janeiro
94%
22,700,000São Paulo
94%
39,300,000Shanghai
94%
10,800,000Wuhan
94%
11,900,000Chennai
91%
17,200,000Kolkata
91%
5,600,000Saint Petersburg
91%
4,100,000Brasília
88%
4,375,000Cape Town
88%
10,700,000Hyderabad
88%
14,100,000Xiamen
88%
13,200,000Bengaluru
84%
14,500,000Johannesburg
84%
11,200,000Tiānjīn
84%
11,600,000Xī'ān
84%
5,100,000Belo Horizonte
81%
3,525,000Durban
81%
2,275,000Manaus
78%
3,875,000Ürümqi
78%
15,200,000Chengdu
75%
4,175,000Porto Allegre
75%
10,100,000Chóngqìng
72%
3,900,000Lucknow
69%
8,850,000Nánjīng
69%
7,350,000Pune
69%
4,175,000Jaipur
66%
3,875,000Recife
66%
7,050,000Qīngdao
63%
3,650,000Salvador
63%
8,400,000Shenyáng
63%
2,250,000Belém
59%
3,500,000Curitiba
59%
3,375,000Nāgpur
59%
2,425,000Agra
56%
3,750,000Fortaleza
56%
3,550,000Kanpur
56%
4,850,000Nanning
56%
7,150,000Sūrat
56%
12,500,000Hangzhou
53%
2,550,000Bhopāl
50%
10,000,000Chángshā
50%
4,450,000Fúzhōu
50%
3,400,000Indore
50%
8,950,000Zhèngzhōu
50%
5,050,000Dàlián
47%
2,800,000Patna
47%
2,850,000Coimbatore
44%
7,150,000Héféi
44%
7,950,000Shàntóu
44%
9,050,000Ahmadabad
41%
3,275,000Campinas
38%
6,200,000Jìnán
38%
6,000,000Kūnmíng
38%
4,625,000Nánchāng
38%
4,375,000Chángchūn
34%
2,500,000Goiânia
34%
6,850,000Níngbō
34%
5,050,000Wenzhou
34%
3,725,000Zībó
34%
5,550,000Tàiyuán
31%
3,075,000Bhilai
28%
5,750,000Shíjiāzhuāng
28%
3,325,000Lánzhōu
25%
2,350,000Ānshān
22%
2,475,000Hăikŏu
22%
5,300,000Harbin
22%
2,475,000Hohhot
22%
2,000,000Varanasi
19%
2,500,000Chandigarh
16%
4,625,000Guìyáng
16%
2,475,000Táizhōu
16%
2,300,000Vadodara
16%
2,150,000Baotou
13%
4,125,000Línyí
13%
2,050,000Ludhiana
13%
3,425,000Luòyáng
13%
2,025,000Rajkot
13%
2,600,000Tángshān
13%
2,300,000Vishakhapatnam
13%
2,125,000Yangzhou
13%
2,450,000Yāntái
13%
3,125,000Nántōng
9%
3,050,000Xúzhoū
9%
2,025,000Baoding
6%
2,975,000Wéifāng
6%
2,425,000Xīnxiāng
6%
2,325,000Zhūhăi
6%
2,275,000Liuzhou
3%
2,225,000Nasik
3%
2,150,000Vijayawada
3%
2,200,000Yinchuan
3%
2,350,000Yìwū
3%
2,675,000Hándān
0%
2,925,000Jiāngyīn
0%

Score Distribution

Percentile by Number Answered

Percent of People with Each Score

Your Score History

You have not taken this quiz